Vývoj a budoucnost hypoteční krize
Ako sa kríza zrodila. Hypotekárna kríza, akvizície a bankroty súvisiace s hypotekárnou krízou. Lokálny problém prerástol v epidémiu. Kríza likvidity. Nič nebude, ako bolo. Brzdiaca americká ekonomika povedie k ďalšiemu rastu nesplatených úverov.
Guardado en:
| Formato: | Capítulo de libro |
|---|---|
| Lenguaje: | checo |
| Materias: | |
| Etiquetas: |
Sin Etiquetas, Sea el primero en etiquetar este registro!
|
MARC
| LEADER | 00000naa$a2200000$$$4500 | ||
|---|---|---|---|
| 001 | 0085661 | ||
| 005 | 20230804111037.2 | ||
| 041 | 0 | |a cze | |
| 044 | |a CZ | ||
| 245 | 1 | 0 | |a Vývoj a budoucnost hypoteční krize |
| 520 | |a Ako sa kríza zrodila. Hypotekárna kríza, akvizície a bankroty súvisiace s hypotekárnou krízou. Lokálny problém prerástol v epidémiu. Kríza likvidity. Nič nebude, ako bolo. Brzdiaca americká ekonomika povedie k ďalšiemu rastu nesplatených úverov. | ||
| 610 | 2 | 0 | |a kríza |
| 610 | 2 | 0 | |a kríza finančná |
| 610 | 2 | 0 | |a hypotéky |
| 610 | 2 | 0 | |a likvidita |
| 610 | 2 | 0 | |a USA |
| 610 | 2 | 0 | |a svet |